[Event "Dortmund SuperGM 25th"]
[Site "Dortmund"]
[Date "1997.07.04"]
[Round "1"]
[White "Huebner, Robert"]
[Black "Topalov, Veselin"]
[Result "1/2-1/2"]
[WhiteElo "2580"]
[BlackElo "2745"]
[Annotator "Ftacnik,L"]
[PlyCount "63"]
[EventDate "1997.07.04"]
[EventType "tourn"]
[EventRounds "9"]
[EventCountry "GER"]
[EventCategory "18"]
[SourceTitle "CBM 060"]
[Source "ChessBase"]
[SourceDate "1997.09.29"]
[SourceVersion "1"]
[SourceVersionDate "1997.09.29"]
[SourceQuality "1"]

1. d4 Nf6 2. Nf3 g6 3. g3 d5 4. Bg2 Bg7 5. O-O O-O 6. c4 dxc4 7. Na3 c3 8. bxc3
c5 9. e3 Nc6 10. Qe2 Bf5 11. Rd1 Be4 12. Bb2 Qb6 13. Nc4 Qa6 14. Bf1 Rfd8 (
14... cxd4 15. cxd4 (15. exd4 Rac8 16. Nfd2 Bf5 17. Qe1 Qa4 18. Ne3 Bd7 19. d5
Na5 20. c4 b5 21. cxb5 Bxb5 22. Bh3 Rcd8 {0.5/Korotylev,A-Zvjaginsev,V/St.
Petersburg op (03)/1994/}) 15... Rac8 16. Nfd2 Na5 17. Na3 (17. Nxe4 Nxe4 18.
Nxa5 Qxa5 19. Bg2 f5 $13) 17... Qxe2 18. Bxe2 Bd5 19. Bd3 Nd7 20. Rdb1 (20. e4
Be6 21. Rdb1 Bh3 $13) 20... Nb6 21. Nb5 (21. e4 Bc4 22. Naxc4 Naxc4 23. Nxc4
Nxc4 $15) 21... a6 22. Nc3 Be6 23. Nce4 Nbc4 {0-1 Kurajica,B-Palac,M/Vinkovci
1995 (33)}) 15. Nfd2 (15. Ne1 {/\ f3} Rac8 16. f3 Bd5 $13) (15. a4 $5) 15...
Bc2 16. Rdc1 Ba4 17. Nb3 Nd7 (17... b6 18. dxc5 Bb5 19. Nd4 (19. a4 $1 Bxa4 20.
Ncd2 Qxe2 21. Bxe2 Bxb3 22. Nxb3 bxc5 23. Rc2 $14) 19... bxc5 (19... Bxc4 $1
20. Qxc4 Qxc4 21. Bxc4 Ne5 22. Be2 bxc5 $11) 20. Nxb5 Qxb5 21. Qc2 Qb7 22. Rab1
Qc7 23. Ba3 {1-0 Georgiev,K-Kozul,Z/Erevan olm 1996/ (38) ><c5, ^^}) 18. dxc5
Nce5 $5 (18... Rac8 $13) 19. Nxe5 Qxe2 20. Bxe2 Nxe5 21. Nd4 e6 22. Rab1 Bf8
23. Ba1 Rab8 (23... Rd7 $6 24. Rb4 Bc6 25. f4 $16) 24. c4 Nd7 $1 (24... Bxc5
25. Nxe6 $1 fxe6 26. Bxe5 $16) (24... Nc6 25. Nxc6 Bxc6 26. Bd4 $14) 25. c6 $1
(25. Bf3 Nxc5 $15) 25... bxc6 26. Bd1 Rxb1 (26... Nc5 $2 27. Rxb8 Rxb8 28. Bxa4
Nxa4 29. Nxc6 $16) 27. Rxb1 Bxd1 28. Rxd1 Nb6 (28... Ne5 29. Rb1 Nxc4 30. Nxc6
Rd2 31. a4 $11) 29. Rc1 c5 30. Nb3 Bg7 (30... f5 31. Be5 $11) 31. Bxg7 Kxg7 32.
Nxc5 (32. Nxc5 Rc8 33. Nb3 Rxc4 34. Rxc4 Nxc4 35. Kf1 $11) 1/2-1/2

[Event "Salamanca"]
[Site "Salamanca"]
[Date "1990.??.??"]
[Round "6"]
[White "Todorcevic, Miodrag"]
[Black "Fernandez Garcia, Jose Luis"]
[Result "1-0"]
[WhiteElo "2550"]
[BlackElo "2470"]
[Annotator "Ftacnik,L"]
[PlyCount "49"]
[EventDate "1990.02.??"]
[EventType "tourn"]
[EventRounds "9"]
[EventCountry "ESP"]
[EventCategory "9"]
[SourceTitle "CBM 018"]
[Source "ChessBase"]
[SourceDate "1990.10.01"]
[SourceVersion "1"]
[SourceVersionDate "1990.10.01"]
[SourceQuality "1"]

1. Nf3 Nf6 2. g3 g6 3. Bg2 Bg7 4. O-O O-O 5. d4 d5 6. c4 dxc4 7. Na3 c3 8. bxc3
c5 9. Ne5 Nd5 10. Bb2 Nc6 11. Nec4 $5 {N} (11. Nac4) (11. Nxc6 bxc6) 11... Rb8
$6 (11... Nb6 $5) 12. e4 Nc7 (12... Nb6 13. d5 Nxc4 14. Nxc4 Ne5 (14... Na5 15.
Ne3) 15. Nxe5 Bxe5 16. f4 $16) 13. d5 b5 (13... Ne5 14. f4 Nxc4 15. Nxc4 b5 16.
Ne3 $16) 14. Ne3 Ne5 (14... b4 15. dxc6 (15. Nb1 bxc3 16. Bxc3 Nd4) 15... bxa3
16. Bxa3 Bxc3 17. Bxc5 $1 Bxa1 18. Qxa1 $36) 15. f4 b4 16. Nb1 $1 Nd7 17. Qd2
Nb5 (17... bxc3 18. Bxc3 Nb5 19. Bxg7 Kxg7 20. Nc3 $16) 18. e5 Qa5 (18... bxc3
19. Nxc3 Qa5 20. Rf2 $16) 19. c4 Nd4 20. Qd3 Nxe5 $2 (20... b3 21. Nc3 (21.
axb3 Rxb3 $132) 21... bxa2 22. Rxa2 $16) 21. fxe5 Bxe5 22. Kh1 (22. Nd2 Ne2+
23. Qxe2 Bxb2) 22... Qc7 23. Nd2 Nf5 24. Bxe5 Qxe5 25. Rae1 {Ftacnik,L} 1-0

[Event "Cannes NAO Masters"]
[Site "Cannes"]
[Date "2002.02.26"]
[Round "5"]
[White "Karpov, Anatoly"]
[Black "Leko, Peter"]
[Result "1-0"]
[WhiteElo "2693"]
[BlackElo "2713"]
[Annotator "Ftacnik,L"]
[PlyCount "99"]
[EventDate "2002.02.22"]
[EventType "tourn"]
[EventRounds "9"]
[EventCountry "FRA"]
[EventCategory "18"]
[SourceTitle "CBM 088"]
[Source "ChessBase"]
[SourceDate "2002.03.21"]
[SourceVersion "1"]
[SourceVersionDate "2002.03.21"]
[SourceQuality "1"]

1. d4 Nf6 2. Nf3 g6 3. g3 Bg7 4. Bg2 d5 5. c4 dxc4 6. Na3 c3 7. bxc3 O-O 8. O-O
c5 9. e3 Nc6 10. Qe2 Bf5 11. Rd1 Qb6 12. Nh4 (12. Bb2 Rfd8 13. Nc4 (13. Bf1 Ne4
14. Ne1 e5 15. Nc4 Qc7 16. f3 Nd6 17. e4 Nxc4 18. Qxc4 Be6 19. d5 Na5 20. Qe2
Bd7 21. Nc2 Ba4 {1/2-1/2 Jankovic,A-Rogulj,B/Pula 2001/ (21)}) 13... Qa6 14. a4
Na5 15. Bf1 Ne4 16. Nfd2 Nxd2 17. Nxa5 Qxa5 18. Rxd2 cxd4 19. cxd4 Rac8 {
1/2-1/2 Karpov,A-Kasparov,G/Linares 2001/ (36)}) (12. Nc4 Qa6 13. Bf1 Na5 14.
Nce5 Qxe2 15. Bxe2 Ne4 16. Bb2 Rfd8 17. Bd3 Nd6 18. Bxf5 gxf5 19. Ba3 b6 {
1/2-1/2 Nikolic,P-Leko,P/Bastia 2001/ (50)}) 12... Bg4 13. f3 Nd5 $1 {White
pieces are lacking harmony, so black has room to play with tactical phantasy.}
14. Nc4 (14. Bb2 Nxe3 $1 15. d5 (15. fxg4 Nxd1 16. Rxd1 cxd4 $17) (15. dxc5
Qxc5 16. Qf2 Be6 17. Nc2 g5 $15) 15... Nxd1 16. Rxd1 Bd7 17. Nc4 Qa6 18. dxc6
Bxc6 19. Bf1 e6 $17) 14... Qa6 (14... Nxc3 $5 15. Qd3 Qc7 16. Qxc3 Be6 17. Na3
g5 18. Qxc5 gxh4 19. gxh4 $14) 15. Bb2 Nb6 (15... Be6 16. Bf1 $13) 16. Bf1 (16.
fxg4 Qxc4 $15) 16... Qxc4 17. Qxc4 Nxc4 18. Bxc4 Na5 19. Be2 Be6 (19... cxd4
20. cxd4 (20. fxg4 $2 dxc3 $17) 20... Be6 $11) 20. d5 {Karpov is solving
problems of the center in the ambitious manner in the hope to fight for an
advantage.} (20. Ba3 cxd4 21. cxd4 Bf6 $11) 20... Bd7 21. e4 e6 (21... b5 22.
f4 $13) 22. Ng2 exd5 23. exd5 (23. Rxd5 Bc6 24. Rxc5 b6 25. Rg5 Rad8 $44) 23...
b5 24. Rd2 Rfe8 25. Kf2 Nb7 (25... c4 $5 26. Rc1 Nb7 $11) 26. c4 b4 (26... Bh6
27. Nf4 (27. f4 Nd6 $15) 27... b4 28. d6 f5 $13) 27. Bxg7 Kxg7 28. Rb2 (28. d6
$2 Red8 29. Rad1 Ba4 $17) 28... Nd6 29. a3 a5 (29... bxa3 $5 30. Rxa3 a5 31.
Bd3 (31. Rb6 $2 Rxe2+ 32. Kxe2 Nxc4 $17) 31... Ra6 $11) 30. Ne3 Kf6 (30... bxa3
31. Rb6 $1 $14) 31. Nf1 $1 {[%mdl 32] Typical Karpov's manouver, the knight
would gladly work his way towrads the weak c5 pawn. In the span of the next 5
moves Leko will fail to solve the situation successfully, after the surprising
move 36.Ra6! his position will become very serious.} Reb8 (31... Nb7 $5 32. Nd2
Ke5 33. axb4 cxb4 $15) 32. axb4 axb4 $6 (32... cxb4 33. c5 Nf5 34. c6 Bc8 $13)
33. Rba2 Rxa2 34. Rxa2 Bf5 $6 (34... b3 $6 35. Rb2 Bf5 36. g4 Bd7 (36... Bc2
37. Ne3 $16) 37. Nd2 Ba4 38. Ke3 $14) (34... Rb6 35. Nd2 h6 36. Nb3 Nb7 37. Ke3
$14) 35. g4 b3 $2 36. Ra6 $1 (36. Rb2 Bd7 37. Nd2 $14) 36... b2 37. Nd2 Ke7 38.
gxf5 b1=Q 39. Nxb1 Rxb1 40. f6+ $1 Kd7 41. Rc6 Rb2 (41... Nb7 42. Bf1 $1 $18)
42. Rxc5 Nf5 43. Rb5 $1 {Despite the whole lot of isolated pawns white is
enjoying technically winning endgame.} Rxb5 44. cxb5 Kc7 (44... Kd6 45. b6 Nd4
(45... Nh6 46. Ba6 Ng8 47. b7 Kc7 48. d6+ $18) 46. Bc4 $18) 45. Bd3 Nd6 46. Ke3
Ne8 47. Kd4 Nxf6 48. Bc4 Nd7 49. d6+ Kxd6 50. Bxf7 1-0

[Event "Belgrade Investbank"]
[Site "Belgrade"]
[Date "1991.??.??"]
[Round "?"]
[White "Nikolic, Predrag"]
[Black "Damljanovic, Branko"]
[Result "1-0"]
[WhiteElo "2625"]
[BlackElo "2585"]
[Annotator "Ftacnik,L"]
[PlyCount "69"]
[EventDate "1991.11.??"]
[EventType "tourn"]
[EventRounds "11"]
[EventCountry "YUG"]
[EventCategory "15"]
[SourceTitle "CBM 027"]
[Source "ChessBase"]
[SourceDate "1992.04.01"]
[SourceVersion "1"]
[SourceVersionDate "1992.04.01"]
[SourceQuality "1"]

1. d4 Nf6 2. c4 g6 3. Nf3 Bg7 4. g3 d5 5. Bg2 dxc4 6. O-O O-O 7. Na3 c3 8. bxc3
c5 9. e3 Nc6 10. Qe2 Nd5 11. Bb2 Qa5 12. Rfc1 (12. Rac1 Bg4 13. h3 Bxf3 14.
Bxf3 Nb6 15. Qb5 (15. Nc4 Qxa2 $1) 15... Qxb5 16. Nxb5 Nc4 17. Rc2 Rac8 18.
dxc5 N6e5 19. Be2 Rxc5 $17 {Shabalov,A-Krasenkov,M/Gausdal Int/1991/}) 12...
Nb6 13. Nd2 Na4 14. Nb3 Qd8 (14... Qb6 15. Rab1 cxd4 (15... Nxb2 16. Nxc5 $1
$16) 16. cxd4 Nxb2 17. Rxb2 $14) 15. Nxc5 (15. Qb5 $5 Nxb2 16. Nxc5 Qb6 $8 (
16... e5 17. Qxb2 exd4 18. cxd4 $16) 17. Rcb1 Qxb5 18. Nxb5 Nc4 19. Nc7 (19.
Bxc6 bxc6 20. Nc7 Bf5 21. e4 Rac8 $17) 19... Bf5 20. Rxb7 Rac8 $22 21. Bxc6 Na5
22. Nd5 Nxc6 23. Nxe7+ Nxe7 24. Rxe7 $13) 15... Nxc5 16. dxc5 Qa5 (16... Ne5 $5
17. Rd1 Qc7 $10) 17. Nb5 (17. Qb5 Qxb5 18. Nxb5 Bf5 $132) 17... Bg4 18. Qxg4 (
18. f3 Be6 $13) 18... Qxb5 19. Rab1 Qxc5 (19... Ne5 $6 20. Qb4 $16) 20. Qa4 Na5
(20... Rab8 21. Ba3 Qh5 22. Bxc6 bxc6 23. Bxe7 $16) 21. Ba3 Qc7 22. Rb5 Nc6 23.
Rxb7 $1 Qxb7 24. Bxc6 Qc7 25. Bxa8 Rxa8 26. c4 $18 h5 27. c5 Rc8 28. c6 Bf6 29.
Qa6 h4 30. Bb4 h3 31. Ba5 Qb8 32. c7 Qa8 33. Qf1 $1 Qd5 34. Qxh3 e6 35. Qg2 {
Ftacnik,L} (35. Qg2 Qxa5 36. Qb7 $18) 1-0

[Event "Hoogovens"]
[Site "Wijk aan Zee"]
[Date "1997.01.19"]
[Round "2"]
[White "Nikolic, Predrag"]
[Black "Piket, Jeroen"]
[Result "0-1"]
[WhiteElo "2655"]
[BlackElo "2640"]
[Annotator "Ftacnik,L"]
[PlyCount "80"]
[EventDate "1997.01.18"]
[EventType "tourn"]
[EventRounds "13"]
[EventCountry "NED"]
[EventCategory "16"]
[SourceTitle "CBM 057"]
[Source "ChessBase"]
[SourceDate "1997.04.01"]
[SourceVersion "1"]
[SourceVersionDate "1997.04.01"]
[SourceQuality "1"]

1. d4 Nf6 2. Nf3 g6 3. g3 Bg7 4. Bg2 O-O 5. c4 d5 6. O-O dxc4 7. Na3 Nc6 8.
Nxc4 Be6 9. b3 a5 10. Bb2 Bd5 11. Rc1 a4 12. bxa4 Ra6 13. Nfe5 Bxg2 14. Kxg2
Qa8 (14... Nxe5 15. dxe5 Nd5 (15... Nd7 16. a5 b5 17. axb6 cxb6 18. Qd5 Nc5 19.
Qxd8 Rxd8 20. a3 Na4 21. Ba1 b5 22. Ne3 Bh6 23. f4 {1-0 Quinteros,M-Kavalek,L/
Las Palmas (10)/1974 (40)}) 16. a5 c5 17. a3 b5 18. axb6 Qa8 19. Kg1 Nxb6 20.
Nxb6 Rxb6 21. Rc2 Rfb8 22. Qa1 h5 23. h4 g5 24. hxg5 h4 25. Rfc1 Qe4 {0-1
Krallmann,M-David,Ad/Cuxhaven op (06)/1993 (36)}) (14... Qd5+ 15. f3 Rfa8 16.
e4 Qd8 17. Nxc6 Rxc6 18. a5 Ne8 19. Qb3 Nd6 20. Nxd6 Rxd6 21. e5 Rd5 22. Bc3 c5
23. dxc5 Rxc5 24. Qxb7 Bxe5 {Buturin,V-Chudinovskih,A/Smolensk op/1991/1/2-1/2
(60)}) (14... Nd7 15. Nxc6 Rxc6 16. Qb3 Qa8 17. Kg1 Nb6 18. Nxb6 Rxb6 19. Qa3
c6 20. Bc3 e6 21. a5 Rd8 22. Qc5 Rb5 23. Qc4 Rbd5 24. e4 R5d7 25. e5 Rd5 {
1/2-1/2 Ilivitsky,G-Szabo,L/Goteborg izt (03)/1955 (35)}) 15. Nxc6 (15. a5 b5
16. d5 Nxe5 17. Nxe5 Nxd5 18. Kg1 Rxa5 19. e4 Nf6 20. Nc6 Rxa2 21. Qb3 e6 22.
Rfe1 Qa4 {0-1 Vukovic,D-David,P/Triberg 25' (07)/1991 (28)}) (15. Kg1 Rxa4 16.
a3 Rb8 (16... Ra6 17. Qc2 Rd8 18. Rfd1 e6 19. e3 Ne8 20. Qe2 Qc8 21. Qf3 f6 22.
Nd3 Na5 23. Nxa5 Rxa5 {1-0 Pomar Salamanca,A-Andersson,U/Olot/1971 (45)}) 17.
Qb3 e6 18. Rfd1 b5 19. Nxc6 Qxc6 20. Ne5 Qd5 21. Qc3 Rb7 22. f3 Nd7 23. e4 Qd6
24. f4 f6 25. Qc6 Qxc6 26. Nxc6 {Pomar Salamanca,A-Gheorghiu,F/Siegen olm (12)/
1970/1/2-1/2 (64)}) 15... bxc6 16. a5 (16. Kg1 Rxa4 17. a3 Rb8 (17... Nd7 18.
Ne5 Nxe5 19. dxe5 Rb8 20. Rc2 e6 21. Qd7 Ra5 22. e3 Bxe5 23. Bxe5 Rxe5 24. Rxc6
Ra5 25. Rxc7 Rf8 {1/2-1/2 Karpov,An-Piket,Je/Tilburg Fontys (09)/1996/}) 18.
Ba1 Nd7 (18... Ne4 19. Qc2 c5 20. dxc5 Bxa1 21. Rxa1 Nxc5 22. Rab1 Rxb1 23.
Rxb1 Qe4 24. Qxe4 Nxe4 25. Rc1 c5 26. f3 Nd6 27. Nxd6 exd6 28. Rd1 Ra6 {
Gruen,G-Waldschlaeger,J/BL 8384/1984/0-1 (95)}) 19. Qc2 (19. Qd2 Qa6 20. Ne5
Nxe5 21. dxe5 Rxa3 22. Qd7 e6 23. Rxc6 Qxe2 24. Qxc7 Rba8 25. Bd4 h5 {0-1
Keglevic,P-Vujakovic,B/CRO-chT Makarska Tucepi/1995 (30)}) 19... h5 20. Ne3 c5
21. dxc5 Bxa1 22. Rxa1 Rxa3 23. Rxa3 Qxa3 24. c6 Nf6 25. Rd1 Qb4 {0-1 Graf,
J-Ftacnik,L/BL 8990/1990 (38)}) 16... c5+ 17. Kg1 (17. f3 $5 Rd8 18. e3 cxd4
19. exd4 Nd5 20. Qd2 $13) 17... Rd8 {For the sacrificed pawn black has got
excellent coordination of pieces and counterplay in the center. Schwarz hat
für seinen geopferten Bauern Freude an ausgezeichneter Figurenkoordination und
Gegenspiel im Zentrum.} 18. e3 (18. Qc2 cxd4 19. Rfd1 Ne4 $15) 18... cxd4 19.
exd4 Ne4 20. Qf3 (20. Re1 Ng5 21. Rxe7 Nh3+ 22. Kf1 Rf6 $17) (20. f3 Ng5 21.
Kg2 Bxd4 22. Bxd4 Ne6 $15) 20... Bxd4 21. Bxd4 Rxd4 22. h4 (22. Rc2 Rf6 23. Qe3
Nxf2 (23... Qd5 24. f3 Ng5 $17) 24. Rcxf2 Rxc4 25. Rxf6 exf6 26. Rxf6 Rc2 27.
Rf2 Rxf2 28. Kxf2 Qxa5 $17) 22... Rf6 23. Qe2 (23. Qe3 Qd5 24. Qe2 Rxf2 25.
Rxf2 Nxg3 26. Qf3 Qxf3 27. Rxf3 Ne2+ 28. Kg2 Nxc1 $19) 23... Qa6 24. Rc2 Re6
25. Ne3 (25. Nb2 Qxa5 $17) (25. Re1 Nxg3 $19) 25... Qxa5 26. Rb1 h5 (26... c5
27. Rb8+ Kg7 28. h5 Qc7 $19) 27. Rb8+ Kg7 28. Kg2 (28. Rc8 Rf6 29. Nd1 Qd5 30.
Ne3 Qe6 31. R8xc7 Rxf2 $19) 28... c6 29. Rc8 Nxg3 $1 30. fxg3 (30. Kxg3 Rg4+
31. Kh3 (31. Kf3 Rf6+) 31... Qa4 32. Rc5 Rxh4+ 33. Kg2 Qe4+ $19) 30... Rde4 31.
R8xc6 (31. Kf3 Rxe3+ 32. Qxe3 Qf5+ 33. Qf4 Qd3+ $19) 31... Rxe3 32. Rxe6 (32.
Qf2 Qd5+ 33. Kh2 Re1 34. Qg2 Qxg2+ 35. Kxg2 Rxc6 36. Rxc6 Re2+ $19) 32... Qd5+
(32... Rxe2+ $6 33. Rexe2 $15) 33. Kh2 (33. Kf2 Rxe6 34. Qd2 Qh1 $19) 33...
Qxe6 34. Qb5 (34. Qf2 g5 35. hxg5 h4 36. Qf4 hxg3+ 37. Kg2 Qd5+ 38. Kh3 Qh1+
39. Kg4 Re4 $19) 34... Qg4 35. Rg2 e5 36. a4 Re1 37. Rf2 (37. a5 Qd1 38. Ra2 (
38. Kh3 Rh1+ 39. Rh2 Qg4+ 40. Kg2 Qe4+ 41. Kh3 Rg1 $19) 38... Rh1+ 39. Kg2 e4
$19) 37... Qe4 38. Rg2 Ra1 39. Qb6 (39. a5 Qe1 40. Kh3 Rxa5 $19) 39... Rxa4 40.
Rf2 Qd5 0-1

[Event "Hoogovens-B"]
[Site "Wijk aan Zee"]
[Date "1997.01.22"]
[Round "2"]
[White "Van der Sterren, Paul"]
[Black "Riemersma, Liafbern"]
[Result "1-0"]
[WhiteElo "2515"]
[BlackElo "2435"]
[Annotator "Ftacnik,L"]
[PlyCount "121"]
[EventDate "1997.01.21"]
[EventType "tourn"]
[EventRounds "11"]
[EventCountry "NED"]
[EventCategory "10"]
[SourceTitle "CBM 057"]
[Source "ChessBase"]
[SourceDate "1997.04.01"]
[SourceVersion "1"]
[SourceVersionDate "1997.04.01"]
[SourceQuality "1"]

1. d4 Nf6 2. Nf3 g6 3. c4 Bg7 4. g3 O-O 5. Bg2 d5 6. O-O dxc4 7. Na3 a5 8. Nxc4
Nc6 9. Bg5 (9. Nce5 Nxe5 10. Nxe5 c6 11. e3 Nd7 12. Nc4 e5 13. d5 c5 14. a4 Nb6
15. Nxb6 Qxb6 16. Qc2 Qd6 17. e4 b6 18. Bd2 Bd7 19. Bc3 Rae8 20. Rae1 f5 21. f3
f4 22. g4 Bf6 {Vadasz,L-Barczay,L/HUN-ch/1968/1-0 (58)}) (9. e3 Be6 10. Qe2 Qc8
11. Bd2 Bh3 12. Rfc1 Bxg2 13. Kxg2 Rd8 14. Nfe5 Qe6 15. Nxc6 Qxc6+ 16. Qf3
Qxf3+ 17. Kxf3 b6 18. g4 Nd7 19. Bc3 a4 20. Rc2 Rdb8 21. a3 Rb7 22. Rd1 {
1-0 Barczay,L-Honfi,K/HUN-ch/1968 (41)}) 9... Be6 10. Rc1 Bd5 (10... Ne4 $5 11.
Be3 (11. e3 h6 12. Bf4 g5 13. Nfe5 Bd5) 11... f5 $13) 11. Bxf6 Bxf6 12. e3 a4
13. a3 Na5 14. Nfd2 (14. Ncd2 Nb3 15. Nxb3 Bxb3 16. Qd2 c6 $10) 14... Bxg2 (
14... Nxc4 15. Nxc4 c6 16. e4 Bxc4 17. Rxc4 b5 18. Rxc6 Qxd4 $10) 15. Kxg2 Nxc4
16. Nxc4 Qd5+ 17. Qf3 (17. Kg1 Rfd8) 17... Rfd8 18. Nd2 c6 19. Qxd5 Rxd5 $1 (
19... cxd5 20. Rc7 Rac8 21. Rfc1 Rxc7 22. Rxc7 $14) 20. Ne4 Rb5 (20... Bg7 21.
Rc4 e5 22. Nc3 Rd6 23. dxe5 Bxe5 24. Rxa4 Rxa4 25. Nxa4 b5 26. Nc3 Rd2 $10) 21.
Rc2 (21. Nxf6+ exf6 22. Rc2 f5 $10) 21... Bg7 22. f4 (22. Rfc1 e5 $1 23. Nd6
Rb3 $10) 22... f5 23. Nc5 (23. Nc3 Rb3 24. Rfc1 c5 25. dxc5 Bxc3 26. Rxc3 Rxb2+
$10) 23... Kf7 24. Rff2 b6 25. Nd3 c5 26. dxc5 (26. Ne5+ Ke6 $15) 26... bxc5
27. Kf3 (27. Nxc5 Bxb2 28. Rxb2 Rxc5 $10) (27. Rxc5 Rb3 28. Ne5+ Bxe5 29. Rxe5
Rab8 $10) 27... Rab8 28. h3 (28. Nxc5 Bxb2 29. Nxa4 Bxa3 30. Nc3 $10) 28... Rb3
29. Rfd2 (29. Nxc5 Rxb2 30. Nxa4 Rxc2 31. Rxc2 Rb3 32. Ra2 $140 Bd4) 29... h5 (
29... Rd8 30. Nxc5 Rxd2 31. Rxd2 Rxb2 32. Rd3 $14) 30. Rxc5 Bxb2 31. Nxb2 Rxb2
32. Rxb2 Rxb2 33. Ra5 Kf6 $2 (33... h4 $1 34. Rxa4 (34. gxh4 Rh2 35. Kg3 Re2)
34... Rh2 35. gxh4 Rxh3+ 36. Ke2 Rxh4 37. Ra8 Rh2+ 38. Kd3 $14) 34. h4 $1 Ra2
35. Rxa4 Kf7 (35... Rb2 36. Rb4 Ra2 37. Rb6+ e6 38. Rb3 $16) 36. Ra5 Kf6 37. e4
$1 {White has to run with the king to queenside without loosing all of his
pawnside structure. He opens the position and weakens the opponent structure.
Weiss muss mit seinem König am Damenflügel durchbrechen, ohne den ganzen
Königsflügel aufzugeben. Er öffnet die Stellung und schwächt die gegnerische
Bauernstruktur.} fxe4+ (37... e6 38. Ra7 $16) 38. Kxe4 Rg2 39. Kf3 Rb2 40. Re5
Ra2 (40... Rb3+ 41. Re3 Rb2 42. Ke4 $16) 41. Ra5 Rb2 42. Re5 Ra2 43. Re3 Kf5
44. Rb3 e5 (44... Ra1 45. Ke3 Kg4 46. Kd4 Rg1 47. Ke5 Rxg3 (47... Rg2 48. Ke6
Re2+ 49. Kf7 $18) 48. Rxg3+ Kxg3 49. a4 Kxh4 50. a5 Kg3 51. a6 $18) 45. fxe5
Kxe5 46. Ke3 Kf5 47. Kd4 Kg4 48. Kc4 g5 (48... Rg2 49. a4 $18) 49. hxg5 Kxg5
50. Kb5 Re2 (50... Kg4 51. a4 Rg2 52. a5 $18) 51. a4 Re5+ 52. Kb6 Kg4 53. a5
Re6+ 54. Kb7 Re7+ 55. Kc6 Re6+ 56. Kd5 Rg6 (56... Ra6 57. Ra3 Kf5 58. Kc5 $18)
57. Ra3 (57. Kc5 Rg5+ 58. Kb4 Rg6 59. Ra3 $18) 57... Rg5+ 58. Ke4 Rg8 59. a6
Re8+ 60. Kd5 Rd8+ 61. Ke4 (61. Ke4 Re8+ 62. Kd4 Rd8+ 63. Ke5 Re8+ 64. Kf6 Rf8+
65. Kg7 Ra8 66. a7 Kg5 (66... Rxa7+ 67. Rxa7 Kxg3 68. Kg6 h4 69. Kg5 h3 70.
Ra3+ Kg2 71. Kg4 h2 72. Ra2+ Kg1 73. Kg3 $18) 67. Ra4 Kf5 68. Kf7 Kg5 69. Ke6
Kg6 70. Ra5 $18) 1-0

[Event "Gausdal Int"]
[Site "Gausdal"]
[Date "1991.??.??"]
[Round "7"]
[White "Shabalov, Alexander"]
[Black "Krasenkow, Michal"]
[Result "0-1"]
[WhiteElo "2535"]
[BlackElo "2550"]
[Annotator "Ftacnik,L"]
[PlyCount "128"]
[EventDate "1991.08.??"]
[EventType "swiss"]
[EventRounds "9"]
[EventCountry "NOR"]
[SourceTitle "CBM 025"]
[Source "ChessBase"]
[SourceDate "1991.12.01"]
[SourceVersion "1"]
[SourceVersionDate "1991.12.01"]
[SourceQuality "1"]

1. d4 Nf6 2. Nf3 g6 3. g3 d5 4. Bg2 Bg7 5. O-O O-O 6. c4 dxc4 7. Na3 c3 8. bxc3
c5 9. e3 Nc6 10. Qe2 Nd5 11. Bb2 Qa5 12. Rac1 Bg4 $5 {N} (12... b6 13. Nd2 e6
14. Nb3 (14. e4 Ba6 15. Ndc4 Nde7 16. e5 Qa4 17. Be4 $10 {Hoelzl,
F-Mikhalchishin,A/Budapest/1990/ ->CBM 19}) 14... Qa6 15. c4 Ndb4 16. Nb5 Qa4
17. Nc3 Qa6 18. a3 {1-0/Ivanchuk,V-Gelfand,B/Linares/1991/ ->CBM 22}) 13. h3
Bxf3 14. Bxf3 Nb6 (14... e6 $13) 15. Qb5 $6 (15. Rfd1 Rac8 $132) 15... Qxb5 16.
Nxb5 Nc4 17. Rc2 (17. Ba1 Rac8 {xBa1}) 17... Rac8 18. dxc5 $6 (18. Bxc6 Rxc6
19. Nxa7 Ra6 20. Nb5 Rxa2) (18. Na3 Nxa3 19. Bxa3 cxd4 20. cxd4 Nxd4 $1 $19) (
18. Rfc1 Nxb2 19. Rxb2 cxd4 20. cxd4 Nxd4 $1 $19) (18. Kg2 $5) 18... N6e5 19.
Be2 Rxc5 20. Nd4 Rfc8 21. Rb1 b6 22. Bc1 Nd6 23. Ba6 (23. Rb3 Ne4 $17) 23...
R8c7 24. Ba3 Rxc3 25. Rxc3 Rxc3 26. Bxd6 exd6 27. Nb5 Rc2 28. a3 (28. Nxd6 Rxa2
29. Bb7 Bf8 $17) 28... Nf3+ 29. Kg2 Nd2 30. Rb4 d5 $1 31. Bb7 a5 (31... Ne4 32.
Bxd5 Nxf2 33. Rc4 $132) 32. Rg4 Nc4 33. Kf1 (33. Bxd5 $2 Nxe3+ $19) 33... h5
34. Rf4 Be5 35. Rh4 Nd2+ 36. Kg2 Ne4 37. Bxd5 Nxf2 38. Kf3 (38. Rc4 Rb2 $19)
38... Nd3 39. Rc4 Rb2 40. Nd4 Ne1+ 41. Ke4 Bxg3 42. Rc6 Kg7 43. Bc4 (43. a4 f5+
$19) 43... Ng2 44. Kd3 (44. Kf3 Be5) 44... Rb1 45. Ke4 Nh4 46. Nb5 Nf5 47. Kf3
Rc1 48. Bd5 Rf1+ 49. Ke4 Re1 50. Rc3 Bf2 51. Kf3 Bxe3 (51... Rxe3+ $2 52. Kxf2
Rxc3 53. Nxc3 $14) 52. Rc7 Nh6 53. Re7 Bf2 54. Rxe1 (54. Rb7 Bc5 $19) 54...
Bxe1 55. Nd6 Bh4 56. Ke4 Be7 57. Ke5 Bxd6+ 58. Kxd6 Nf5+ 59. Kc7 b5 60. Kb6 Ne3
61. Be4 Nc4+ 62. Kxb5 Nd6+ 63. Kxa5 Nxe4 64. Kb4 Kf6 {Ftacnik,L} 0-1